Central Library OPAC University of Rajshahi

The teacher's omnibus of stories to tell / (Record no. 50028)

MARC details
000 -LEADER
fixed length control field 00661nam a2200217 a 4500
001 - CONTROL NUMBER
control field 50028
003 - CONTROL NUMBER IDENTIFIER
rucl marc code BD-RjUL
005 - DATE AND TIME OF LATEST TRANSACTION
control field 20211209075439.0
008 - FIXED-LENGTH DATA ELEMENTS--GENERAL INFORMATION
fixed length control field 160823m19361950enk 000 1 eng d
035 ## - SYSTEM CONTROL NUMBER
System control number (BD-RjUL)50148
040 ## - CATALOGING SOURCE
Original cataloging agency EQO
Transcribing agency EQO
Language of cataloging eng
Modifying agency BD-RjUL
041 ## - LANGUAGE CODE
Language code of text/sound track or separate title eng
082 ## - DEWEY DECIMAL CLASSIFICATION NUMBER
Edition number 23
Classification number 398.21
Author mark and year TUT 1950
245 04 - TITLE STATEMENT
Title The teacher's omnibus of stories to tell /
Statement of responsibility, etc. compiled and ed. by E.L. Turnbull.
260 ## - PUBLICATION, DISTRIBUTION, ETC. (IMPRINT)
Place of publication, distribution, etc. London :
Name of publisher, distributor, etc. Geoffrey cumberlege,
Date of publication, distribution, etc. 1936, [Reprinted 1938,1942,1944,1945,1948,1950]
300 ## - PHYSICAL DESCRIPTION
Pagination 317 p.
Size 16 cm.
650 ## - SUBJECT ADDED ENTRY--TOPICAL TERM
Topical term or geographic name as entry element Folklore
9 (RLIN) 149934
Topical term or geographic name as entry element Fairy tales
9 (RLIN) 149935
700 1# - ADDED ENTRY--PERSONAL NAME
Personal name Turnbull, E. L.
942 ## - ADDED ENTRY ELEMENTS (KOHA)
Source of classification or shelving scheme Dewey Decimal Classification
Koha item type Books
Holdings
Lost status Source of classification or shelving scheme Damaged status Not for loan Collection code Permanent Location Current Location Shelving location Date acquired Source of acquisition Cost, normal purchase price Total Checkouts Full call number Date last seen Copy number Koha item type
  Dewey Decimal Classification     Non-fiction Central Library, University of Rajshahi Central Library, University of Rajshahi   08/09/1955 B.H.Blackwell 85.60   398.21 TUT 1950 23/08/2016 C-2 Books